000 00669nam a22001932 4500
001 0000021477
005 20151217152232.0
008 120607s xx 000 0 eng d
040 _aKABU
_cKABU
245 1 0 _aDeveloping an information literacy programme for lifelong learning :
_binformation literacy toolkits for African universities /
_cC. B. M. Lungu ... [et al.].
250 _a1st ed.
260 _aKitwe, Zambia :
_bCoperbelt University,
_c2012.
300 _avii, 66 p.
650 0 _aInformation literacy.
_@0000156687
700 1 _aLungu, C. B. M.
_@0000182375
908 _a120607
950 _@1
999 _c9689
_d9689